=LDR 00000nam 2200000 4500 =001 INLIS000000000027254 =005 20130612125637 =008 ***********************************Ind** =035 ##$$0010-061300000027254 =041 ##$$a Ind =082 ##$$a 153.93 =090 ##$$a 153.93, Han s =100 ##$$a Hanum, Salma M =245 ##$$a Strategi tepat memahami psikotes, Salma M. Hanum =260 ##$$a 2006 $b Yogyakarta =300 ##$$a 236 hlm, ilus, 21 cm =650 ##$$a Tes inteligensi =850 ##$$a NBPNMAT